Running lean iterate from plan A to a plan that works

Guardat en:
Dades bibliogràfiques
Autor principal: Maurya, Ash
Format: Llibre
Publicat: Shroff
Etiquetes: Afegir etiqueta
Sense etiquetes, Sigues el primer a etiquetar aquest registre!

MARC

LEADER 00000nam a2200000Ia 4500
005 20260515061619.0
100 |a Maurya, Ash. 
020 |a 9789355421869 
942 |c BK 
245 |a Running lean iterate from plan A to a plan that works  
260 |b Shroff 
999 |c 94  |d 94 
952 |0 0  |1 0  |4 0  |7 0  |a ABDN  |b ABDN  |d 2026-05-15  |l 0  |p 000034  |r 2026-05-15 06:16:19  |w 2026-05-15  |y BK